La ruta del silencio
Spremljeno u:
| Glavni autor: | |
|---|---|
| Format: | Nepoznato |
| Izdano: |
Roma, Italia:
Universita Cattolica del Sacro Cuore,
|
| Oznake: |
Dodaj oznaku
Bez oznaka, Budi prvi tko označuje ovaj zapis!
|
MARC
| LEADER | 000000000a22000000004500 | ||
|---|---|---|---|
| 001 | 001593 | ||
| 022 | |a 9788883115387 | ||
| 041 | 0 | |a Español | |
| 092 | 0 | |a Centroamericana | |
| 100 | 1 | |a Henríquez, Gloriantonia | |
| 245 | 1 | 3 | |a La ruta del silencio |
| 260 | |a Roma, Italia: |b Universita Cattolica del Sacro Cuore, | ||
| 310 | |a Anual | ||
| 773 | 0 | |t Centroamericana | |
| 773 | 0 | |g Número 13 (2007) | |
| 773 | 0 | |g 1990- | |
| 773 | 0 | |g 65-76 páginas | |
| 999 | |c 1886 |d 1886 | ||
